Datum a čas kvízu
27
Celkem bodů
Celkový počet nahraných bodů na tomto kvízu bez doplňovacích otázek.
5.
Pořadí na kvízu
Konečné umístění týmu na tomto kvízu.
Zaznamenané odpovědi
| # | Otázka | Odpověď | Body | Výsledky |
|---|---|---|---|---|
| 1. | Od pondělí do čtvrtka brázdila... | Formule 1 | 1 | |
| 2. | V českých médiích se minulý tý... | kozy (a kozly) | 1 | |
| 3. | V pondělí vyvrcholil 30. roční... | v Maďarsku | 1 | |
| 4. | Ve čtvrtek byla v aukci v Los... | klobouk (Indiany Jonese) | 0 | |
| 5. | 21letá Andrea Klementová z Tře... | přeplavala kanál La Manche | 0 | |
| 6. | Ve kterém americkém filmu z ro... | Ladíme! (Pitch Perfect) | 1 | |
| 7. | Francouzská hudební komedie s... | Piti Piti Pa | 0 | |
| 8. | V hudební animované pohádce Tr... | Justin Timberlake | 0 | |
| 9. | V Hříšném tanci si zahráli hla... | Frances, Baby | 0.5 | |
| 10. | Který hudební film s Karlem Go... | Hvězda padá vzhůru | 0 |